000 01577cam a22004217a 4500
003 CHAP
005 20220329142747.0
008 030617s2003 mx r 00010 spa d
010 _a87395
011 _a88367
035 _a98912
040 _cCHAP
090 _aTesis
100 0 0 _aGalindo López, Augusto.
_944299
245 1 0 _aFactibilidad de la producción y mercadeo de jitomate (Lycopersicon esculentum Mill) en Atzalan, Veracruz
_c/por Augusto Galindo López
260 _aChapingo, Méx. :
_bEl autor,
_c2003.
300 _a102 h. ;
_bilus. ; gráfs.
502 _aTesis(Ing. Agr. Esp. en Fitotecnia) -- UACH. Departamento de Fitotecnia
530 _aTambién disponible en línea
590 _aALEPH
_b10
_c20130110
_lUCH01
_h1454
590 _aBATCH-UPD
_b10
_c20130110
_lUCH01
_h1119
590 _aBATCH-UPD
_b10
_c20130410
_lUCH01
_h0709
590 _aBATCH-UPD
_b10
_c20130914
_lUCH01
_h1130
590 _aBATCH-UPD
_b10
_c20140324
_lUCH01
_h1439
590 _aBATCH-UPD
_b10
_c20141002
_lUCH01
_h0818
590 _aCONVERSION
_b10
_c20130109
_lUCH01
_h1348
650 1 4 _aCultivos en invernadero.
_930376
650 1 4 _aTomate
_xAspectos económicos.
_9113681
650 1 4 _aTomate
_xMercadeo.
_9113738
650 1 4 _aTomate
_xRendimiento.
_9113761
650 1 4 _aTomate
_zVeracruz.
_9113790
856 _3Finding aid
_uhttp://10.13.5.2/tesis/98912.pdf
_zTeclea aqui
901 _aBK
905 _aAlejandra Carrasco M.
942 _cFOLL
949 _aTesis
_bBC
_cTES
_d33724000894788
_eTS2
_fc.2
_h41212
_i98912
_si
949 _aTesis
_bBC
_cTES
_d989121
_eTS1
_h41211
_i98912
_sb
999 _c87395
_d87395